[Event "European Senior Team Championship 2021"]
[Site "Don Giovanni hotel, Vinohradska 2733, Prague, Czech Republic"]
[Date "2021.09.07"]
[Round "9"]
[Board "4"]
[White "Groh, Jiri"]
[Black "Hammar, Bengt"]
[Result "0-1"]
[WhiteElo "2020"]
[BlackElo "2130"]
[PlyCount "0"]
[EventDate "2021.08.30"]
[EventType "team"]
[EventRounds "9"]
[EventCountry "ECX"]
[WhiteTeam "SK SOKOL VYSEHRAD"]
[BlackTeam "SWEDEN 1"]

1. Nf3 {[%clk 1:30:56]} g6 {[%clk 1:29:19]} 2. c4 {[%clk 1:31:10]} Bg7
{[%clk 1:29:25]} 3. g3 {[%clk 1:31:31]} c5 {[%clk 1:27:41]} 4. Bg2
{[%clk 1:31:50]} Nc6 {[%clk 1:27:55]} 5. O-O {[%clk 1:32:05]} e6 {[%clk 1:26:16]}
6. e3 {[%clk 1:29:08]} Nge7 {[%clk 1:26:00]} 7. d4 {[%clk 1:28:46]} cxd4
{[%clk 1:25:49]} 8. Nxd4 {[%clk 1:28:42]} d5 {[%clk 1:22:41]} 9. cxd5
{[%clk 1:25:53]} Nxd4 {[%clk 1:15:30]} 10. exd4 {[%clk 1:26:05]} exd5
{[%clk 1:15:46]} 11. Nc3 {[%clk 1:25:12]} O-O {[%clk 1:15:57]} 12. Bg5
{[%clk 1:22:40]} f6 {[%clk 1:09:34]} 13. Be3 {[%clk 1:22:54]} Be6
{[%clk 1:09:00]} 14. Qb3 {[%clk 1:21:17]} Qd7 {[%clk 1:08:06]} 15. Rfe1
{[%clk 1:13:25]} Bf7 {[%clk 1:05:54]} 16. Qb5 {[%clk 1:11:29]} Qxb5
{[%clk 1:02:27]} 17. Nxb5 {[%clk 1:11:50]} Nf5 {[%clk 1:02:05]} 18. Rac1
{[%clk 1:03:35]} a6 {[%clk 1:00:37]} 19. Nc3 {[%clk 0:53:18]} Rad8
{[%clk 0:56:48]} 20. Na4 {[%clk 0:52:46]} Rfe8 {[%clk 0:53:48]} 21. Nc5
{[%clk 0:47:21]} Re7 {[%clk 0:52:01]} 22. Nb3 {[%clk 0:47:28]} Rde8
{[%clk 0:49:57]} 23. Bd2 {[%clk 0:47:28]} Rxe1+ {[%clk 0:45:23]} 24. Rxe1
{[%clk 0:47:45]} Rxe1+ {[%clk 0:45:43]} 25. Bxe1 {[%clk 0:48:13]} Nd6
{[%clk 0:45:35]} 26. Nc5 {[%clk 0:41:01]} Kf8 {[%clk 0:42:32]} 27. Bb4
{[%clk 0:40:18]} Ke8 {[%clk 0:42:37]} 28. Nxa6 {[%clk 0:40:01]} Nf5
{[%clk 0:39:35]} 29. Nc7+ {[%clk 0:39:08]} Kd7 {[%clk 0:38:39]} 30. Bxd5
{[%clk 0:38:11]} Bxd5 {[%clk 0:38:37]} 31. Nxd5 {[%clk 0:38:35]} Nxd4
{[%clk 0:38:59]} 32. Kf1 {[%clk 0:36:57]} Kc6 {[%clk 0:38:35]} 33. Nf4
{[%clk 0:35:03]} Bh6 {[%clk 0:33:51]} 34. Ne2 {[%clk 0:27:54]} Nf3
{[%clk 0:32:48]} 35. h3 {[%clk 0:26:34]} f5 {[%clk 0:32:51]} 36. Bc3
{[%clk 0:25:54]} Nd2+ {[%clk 0:32:57]} 37. Ke1 {[%clk 0:25:14]} Ne4
{[%clk 0:33:14]} 38. Bh8 {[%clk 0:25:29]} Bf8 {[%clk 0:32:56]} 39. Nf4
{[%clk 0:24:01]} Bd6 {[%clk 0:29:04]} 40. Nd3 {[%clk 0:23:54]} b5
{[%clk 0:28:10]} 41. Ke2 {[%clk 0:23:45]} Kd5 {[%clk 0:27:48]} 42. Ke3
{[%clk 0:21:35]} Bc7 {[%clk 0:27:05]} 43. b3 {[%clk 0:19:07]} Ba5
{[%clk 0:24:30]} 44. Bg7 {[%clk 0:16:51]} Bd2+ {[%clk 0:23:41]} 45. Ke2
{[%clk 0:17:13]} Bc3 {[%clk 0:23:41]} 46. Nf4+ {[%clk 0:16:12]} Kc6
{[%clk 0:23:41]} 47. Bxc3 {[%clk 0:07:49]} Nxc3+ {[%clk 0:22:55]} 48. Kd2
{[%clk 0:08:12]} Nxa2 {[%clk 0:23:11]} 49. Ne6 {[%clk 0:08:38]} h6
{[%clk 0:22:01]} 50. h4 {[%clk 0:08:33]} Kd6 {[%clk 0:21:27]} 51. Nd4
{[%clk 0:08:56]} Kc5 {[%clk 0:20:18]} 52. h5 {[%clk 0:09:04]} Kxd4
{[%clk 0:19:46]} 53. hxg6 {[%clk 0:09:19]} Nc3 {[%clk 0:20:11]} 54. g7
{[%clk 0:03:20]} Ne4+ {[%clk 0:20:33]} 55. Ke2 {[%clk 0:03:43]} Nf6
{[%clk 0:20:50]} 56. Kf3 {[%clk 0:03:38]} Ke5 {[%clk 0:20:05]} 57. Ke3
{[%clk 0:03:56]} b4 {[%clk 0:16:54]} 58. f4+ {[%clk 0:03:05]} Kd5
{[%clk 0:16:27]} 59. Kd3 {[%clk 0:03:33]} h5 {[%clk 0:15:53]} 60. Ke3
{[%clk 0:03:41]} Ke6 {[%clk 0:15:23]} 61. Kd4 {[%clk 0:03:39]} Kf7
{[%clk 0:15:46]} 62. Kc4 {[%clk 0:02:13]} Ne4 {[%clk 0:16:04]} 63. Kxb4
{[%clk 0:02:30]} Nxg3 {[%clk 0:16:26]} 64. Kc5 {[%clk 0:01:50]} h4
{[%clk 0:16:40]} 65. b4 {[%clk 0:01:50]} Ne4+ {[%clk 0:16:35]} 66. Kd4
{[%clk 0:01:44]} h3 {[%clk 0:16:41]}  0-1

[Event "European Senior Team Championship 2021"]
[Site "Don Giovanni hotel, Vinohradska 2733, Prague, Czech Republic"]
[Date "2021.09.07"]
[Round "9"]
[Board "1"]
[White "Semakoff, Aleks"]
[Black "Mozna, Eva"]
[Result "1-0"]
[WhiteElo "1996"]
[BlackElo "1905"]
[PlyCount "0"]
[EventDate "2021.08.30"]
[EventType "team"]
[EventRounds "9"]
[EventCountry "ECX"]
[WhiteTeam "GOLDEN OLDIES"]
[BlackTeam "CZECH REPUBLIC WOMEN"]

1. e4 {[%clk 1:30:56]} c5 {[%clk 1:30:52]} 2. Nf3 {[%clk 1:31:17]} Nc6
{[%clk 1:31:17]} 3. d4 {[%clk 1:31:38]} cxd4 {[%clk 1:31:41]} 4. Nxd4
{[%clk 1:31:59]} d6 {[%clk 1:31:11]} 5. c4 {[%clk 1:31:22]} Nf6 {[%clk 1:31:25]}
6. Nc3 {[%clk 1:31:30]} g6 {[%clk 1:30:01]} 7. Be2 {[%clk 1:30:21]} Bg7
{[%clk 1:30:29]} 8. Be3 {[%clk 1:30:04]} O-O {[%clk 1:30:47]} 9. O-O
{[%clk 1:30:01]} Bd7 {[%clk 1:30:51]} 10. f3 {[%clk 1:22:18]} Nxd4
{[%clk 1:28:59]} 11. Bxd4 {[%clk 1:22:34]} Bc6 {[%clk 1:29:27]} 12. Qd2
{[%clk 1:19:48]} Nd7 {[%clk 1:23:32]} 13. Be3 {[%clk 1:18:21]} Nc5
{[%clk 1:14:18]} 14. b3 {[%clk 1:08:42]} a6 {[%clk 0:52:51]} 15. Rac1
{[%clk 1:07:08]} Rc8 {[%clk 0:51:33]} 16. Rfd1 {[%clk 1:04:29]} Nd7
{[%clk 0:41:03]} 17. Nd5 {[%clk 0:50:08]} Bxd5 {[%clk 0:39:57]} 18. exd5
{[%clk 0:50:17]} Qc7 {[%clk 0:37:31]} 19. b4 {[%clk 0:48:45]} Qb8
{[%clk 0:33:46]} 20. c5 {[%clk 0:46:11]} dxc5 {[%clk 0:31:25]} 21. bxc5
{[%clk 0:46:16]} Qc7 {[%clk 0:27:59]} 22. Qb4 {[%clk 0:32:09]} Nb8
{[%clk 0:27:40]} 23. Bf4 {[%clk 0:30:29]} Qd7 {[%clk 0:24:38]} 24. Qe4
{[%clk 0:27:51]} Rfe8 {[%clk 0:21:13]} 25. c6 {[%clk 0:27:08]} bxc6
{[%clk 0:20:47]} 26. dxc6 {[%clk 0:27:20]} Qf5 {[%clk 0:15:20]} 27. Qxf5
{[%clk 0:27:29]} gxf5 {[%clk 0:15:49]} 28. c7 {[%clk 0:27:39]} e5
{[%clk 0:15:24]} 29. Be3 {[%clk 0:26:18]} e4 {[%clk 0:15:19]} 30. f4
{[%clk 0:24:36]}  1-0

[Event "European Senior Team Championship 2021"]
[Site "Don Giovanni hotel, Vinohradska 2733, Prague, Czech Republic"]
[Date "2021.09.07"]
[Round "9"]
[Board "2"]
[White "Modrova, Hana"]
[Black "Taksrud, Vidar"]
[Result "0-1"]
[WhiteElo "1816"]
[BlackElo "1910"]
[PlyCount "0"]
[EventDate "2021.08.30"]
[EventType "team"]
[EventRounds "9"]
[EventCountry "ECX"]
[WhiteTeam "CZECH REPUBLIC WOMEN"]
[BlackTeam "GOLDEN OLDIES"]

1. d4 {[%clk 1:30:49]} Nf6 {[%clk 1:30:51]} 2. Nf3 {[%clk 1:30:57]} e6
{[%clk 1:30:57]} 3. Bg5 {[%clk 1:30:24]} c5 {[%clk 1:30:46]} 4. c3
{[%clk 1:27:18]} Nc6 {[%clk 1:30:32]} 5. e3 {[%clk 1:25:16]} Be7 {[%clk 1:28:01]}
6. Bd3 {[%clk 1:24:02]} b6 {[%clk 1:27:11]} 7. Nbd2 {[%clk 1:21:39]} Bb7
{[%clk 1:26:30]} 8. O-O {[%clk 1:19:22]} O-O {[%clk 1:26:13]} 9. dxc5
{[%clk 1:04:33]} bxc5 {[%clk 1:26:17]} 10. Qc2 {[%clk 1:04:03]} h6
{[%clk 1:26:04]} 11. Bxf6 {[%clk 1:01:34]} Bxf6 {[%clk 1:26:26]} 12. Ne4
{[%clk 1:01:54]} Be7 {[%clk 1:24:46]} 13. Rad1 {[%clk 1:01:40]} d5
{[%clk 1:23:40]} 14. Ng3 {[%clk 1:01:03]} Qb6 {[%clk 1:19:55]} 15. Be2
{[%clk 0:55:31]} Rac8 {[%clk 1:14:59]} 16. Qb1 {[%clk 0:50:43]} Rfd8
{[%clk 1:14:36]} 17. Rd2 {[%clk 0:47:33]} a5 {[%clk 1:07:02]} 18. Rfd1
{[%clk 0:43:35]} a4 {[%clk 1:07:09]} 19. Qc2 {[%clk 0:41:49]} c4 {[%clk 1:04:39]}
20. Nd4 {[%clk 0:40:43]} e5 {[%clk 1:01:43]} 21. Ndf5 {[%clk 0:39:41]} Bf8
{[%clk 1:01:22]} 22. Bg4 {[%clk 0:30:55]} Ra8 {[%clk 1:00:13]} 23. Nh5
{[%clk 0:26:48]} e4 {[%clk 0:59:01]} 24. Nf4 {[%clk 0:22:24]} Ne5
{[%clk 0:57:50]} 25. Nxd5 {[%clk 0:03:55]} Rxd5 {[%clk 0:55:12]} 26. Rxd5
{[%clk 0:04:14]} Bxd5 {[%clk 0:55:34]} 27. Rxd5 {[%clk 0:04:31]} Nxg4
{[%clk 0:55:55]} 28. Qxe4 {[%clk 0:04:38]} Nf6 {[%clk 0:56:07]} 29. Rb5
{[%clk 0:00:33]} Rd8 {[%clk 0:54:06]}  0-1

[Event "European Senior Team Championship 2021"]
[Site "Don Giovanni hotel, Vinohradska 2733, Prague, Czech Republic"]
[Date "2021.09.07"]
[Round "9"]
[Board "3"]
[White "Johnsen, Oystein"]
[Black "Sunkova, Marie"]
[Result "1-0"]
[WhiteElo "1958"]
[BlackElo "1813"]
[PlyCount "0"]
[EventDate "2021.08.30"]
[EventType "team"]
[EventRounds "9"]
[EventCountry "ECX"]
[WhiteTeam "GOLDEN OLDIES"]
[BlackTeam "CZECH REPUBLIC WOMEN"]

1. d4 {[%clk 1:30:58]} d5 {[%clk 1:30:51]} 2. Bf4 {[%clk 1:31:10]} Nf6
{[%clk 1:30:27]} 3. e3 {[%clk 1:30:49]} e6 {[%clk 1:30:18]} 4. Nd2
{[%clk 1:30:56]} Bd6 {[%clk 1:29:21]} 5. Bg3 {[%clk 1:31:19]} Bxg3
{[%clk 1:26:26]} 6. hxg3 {[%clk 1:31:40]} Nbd7 {[%clk 1:26:02]} 7. Ngf3
{[%clk 1:31:16]} b6 {[%clk 1:24:30]} 8. Bd3 {[%clk 1:29:40]} Bb7 {[%clk 1:23:34]}
9. c3 {[%clk 1:27:08]} h6 {[%clk 1:22:29]} 10. Ne5 {[%clk 1:19:59]} c5
{[%clk 1:12:49]} 11. f4 {[%clk 1:17:47]} c4 {[%clk 1:09:50]} 12. Bc2
{[%clk 1:15:49]} Qc7 {[%clk 1:08:18]} 13. Qf3 {[%clk 1:10:14]} a6
{[%clk 1:04:27]} 14. g4 {[%clk 1:09:42]} Nxe5 {[%clk 1:00:31]} 15. fxe5
{[%clk 1:09:46]} Ne4 {[%clk 1:00:33]} 16. Nxe4 {[%clk 1:09:51]} dxe4
{[%clk 1:00:53]} 17. Bxe4 {[%clk 1:10:11]} O-O-O {[%clk 1:00:37]} 18. Bxb7+
{[%clk 1:09:00]} Qxb7 {[%clk 1:00:59]} 19. Qxb7+ {[%clk 1:08:52]} Kxb7
{[%clk 1:01:20]} 20. Ke2 {[%clk 1:08:51]} Kc6 {[%clk 0:59:41]} 21. e4
{[%clk 1:08:58]} Rhf8 {[%clk 0:54:41]} 22. Rhf1 {[%clk 1:06:32]} Rd7
{[%clk 0:53:32]} 23. b3 {[%clk 1:00:54]} b5 {[%clk 0:47:43]} 24. bxc4
{[%clk 1:00:09]} bxc4 {[%clk 0:48:04]} 25. Rab1 {[%clk 0:59:49]} a5
{[%clk 0:47:41]} 26. Rb2 {[%clk 0:59:40]} Rb7 {[%clk 0:47:44]} 27. d5+
{[%clk 0:59:24]}  1-0

[Event "European Senior Team Championship 2021"]
[Site "Don Giovanni hotel, Vinohradska 2733, Prague, Czech Republic"]
[Date "2021.09.07"]
[Round "9"]
[Board "1"]
[White "Sedlak, Ludek"]
[Black "Nordstrom, Felix"]
[Result "0-1"]
[WhiteElo "1879"]
[BlackElo "2083"]
[PlyCount "0"]
[EventDate "2021.08.30"]
[EventType "team"]
[EventRounds "9"]
[EventCountry "ECX"]
[WhiteTeam "CAISSA ROZTOKY"]
[BlackTeam "SWEDEN 2"]

1. e4 {[%clk 1:19:40]} c5 {[%clk 1:30:35]} 2. Nf3 {[%clk 1:19:03]} e6
{[%clk 1:30:25]} 3. d4 {[%clk 1:18:40]} cxd4 {[%clk 1:30:36]} 4. Nxd4
{[%clk 1:17:27]} Nf6 {[%clk 1:30:10]} 5. Nc3 {[%clk 1:16:53]} d6 {[%clk 1:30:14]}
6. Bc4 {[%clk 1:13:42]} a6 {[%clk 1:29:55]} 7. Bb3 {[%clk 1:13:40]} b5
{[%clk 1:27:08]} 8. a3 {[%clk 1:13:32]} Nbd7 {[%clk 1:22:17]} 9. Bg5
{[%clk 0:57:43]} Nc5 {[%clk 1:17:14]} 10. Ba2 {[%clk 0:57:54]} Bb7
{[%clk 1:15:58]} 11. f3 {[%clk 0:48:24]} Be7 {[%clk 1:12:53]} 12. Qd2
{[%clk 0:44:34]} O-O {[%clk 1:01:06]} 13. O-O-O {[%clk 0:44:16]} Qb6
{[%clk 0:58:08]} 14. g4 {[%clk 0:42:40]} b4 {[%clk 0:53:16]} 15. axb4
{[%clk 0:41:43]} Qxb4 {[%clk 0:53:35]} 16. Kb1 {[%clk 0:41:41]} Rab8
{[%clk 0:49:45]} 17. Nd5 {[%clk 0:40:34]} Bxd5 {[%clk 0:46:12]} 18. Qxb4
{[%clk 0:40:37]} Bxa2+ {[%clk 0:45:49]} 19. Kxa2 {[%clk 0:40:56]} Rxb4
{[%clk 0:46:08]} 20. Nc6 {[%clk 0:40:40]} Rb7 {[%clk 0:45:43]} 21. Nxe7+
{[%clk 0:40:46]} Rxe7 {[%clk 0:46:09]} 22. Rxd6 {[%clk 0:41:06]} Rc7
{[%clk 0:38:50]} 23. Kb1 {[%clk 0:35:07]} Rfc8 {[%clk 0:34:28]} 24. Rhd1
{[%clk 0:31:21]} Ne8 {[%clk 0:29:37]} 25. Rb6 {[%clk 0:28:51]} f6
{[%clk 0:21:55]} 26. Be3 {[%clk 0:29:00]} e5 {[%clk 0:18:26]} 27. c3
{[%clk 0:28:05]} a5 {[%clk 0:16:45]} 28. Rb5 {[%clk 0:26:20]} a4 {[%clk 0:14:20]}
29. Ra5 {[%clk 0:23:27]} Kf7 {[%clk 0:11:10]} 30. Rd5 {[%clk 0:22:12]} Ne6
{[%clk 0:10:15]} 31. Rxa4 {[%clk 0:22:18]} Ke7 {[%clk 0:09:25]} 32. h4
{[%clk 0:19:53]} Nd6 {[%clk 0:08:40]} 33. Ra7 {[%clk 0:13:06]} Nc4
{[%clk 0:06:33]} 34. Rxc7+ {[%clk 0:12:52]} Rxc7 {[%clk 0:05:27]} 35. Bc1
{[%clk 0:12:58]} Nf4 {[%clk 0:02:17]} 36. Bxf4 {[%clk 0:11:12]} exf4
{[%clk 0:02:46]} 37. Rf5 {[%clk 0:11:29]} Nd2+ {[%clk 0:02:15]} 38. Kc2
{[%clk 0:11:42]} Nxf3 {[%clk 0:02:28]} 39. Rxf4 {[%clk 0:11:06]} Nxh4
{[%clk 0:02:36]} 40. Rf2 {[%clk 0:10:28]} Ng6 {[%clk 0:02:44]} 41. Rf5
{[%clk 0:10:00]} h6 {[%clk 0:01:13]} 42. b4 {[%clk 0:09:27]} Ne5 {[%clk 0:01:29]}
43. Rf1 {[%clk 0:09:47]} Nxg4 {[%clk 0:00:55]} 44. Rg1 {[%clk 0:10:09]} h5
{[%clk 0:00:58]} 45. Kb3 {[%clk 0:10:32]} g5 {[%clk 0:30:20]} 46. b5
{[%clk 0:40:54]} Ne5 {[%clk 0:29:56]} 47. Kb4 {[%clk 0:40:56]} Rc4+
{[%clk 0:22:20]} 48. Ka5 {[%clk 0:41:13]}  0-1

[Event "European Senior Team Championship 2021"]
[Site "Don Giovanni hotel, Vinohradska 2733, Prague, Czech Republic"]
[Date "2021.09.07"]
[Round "9"]
[Board "2"]
[White "Carlsten, Peter"]
[Black "Fiser, Jiri"]
[Result "1-0"]
[WhiteElo "1945"]
[BlackElo "1815"]
[PlyCount "0"]
[EventDate "2021.08.30"]
[EventType "team"]
[EventRounds "9"]
[EventCountry "ECX"]
[WhiteTeam "SWEDEN 2"]
[BlackTeam "CAISSA ROZTOKY"]

1. e4 {[%clk 1:30:46]} c5 {[%clk 1:30:57]} 2. Nf3 {[%clk 1:31:12]} Nc6
{[%clk 1:31:18]} 3. d4 {[%clk 1:31:23]} cxd4 {[%clk 1:31:46]} 4. Nxd4
{[%clk 1:31:43]} e5 {[%clk 1:32:12]} 5. Nb5 {[%clk 1:31:52]} d6 {[%clk 1:32:41]}
6. N1c3 {[%clk 1:32:05]} a6 {[%clk 1:32:57]} 7. Na3 {[%clk 1:32:31]} b5
{[%clk 1:31:47]} 8. Nd5 {[%clk 1:32:40]} Nge7 {[%clk 1:31:01]} 9. Bd3
{[%clk 1:31:03]} Nxd5 {[%clk 1:24:04]} 10. exd5 {[%clk 1:31:21]} Ne7
{[%clk 1:24:27]} 11. c4 {[%clk 1:29:27]} b4 {[%clk 1:24:34]} 12. Qa4+
{[%clk 1:25:44]} Bd7 {[%clk 1:24:55]} 13. Qxb4 {[%clk 1:26:05]} Qc7
{[%clk 1:25:16]} 14. O-O {[%clk 1:24:19]} f5 {[%clk 1:25:29]} 15. f3
{[%clk 1:11:43]} g6 {[%clk 1:25:14]} 16. Be3 {[%clk 1:11:18]} Rb8
{[%clk 1:20:51]} 17. Qd2 {[%clk 1:11:26]} Bg7 {[%clk 1:21:18]} 18. Rab1
{[%clk 1:10:10]} O-O {[%clk 1:21:26]} 19. c5 {[%clk 1:08:26]} f4 {[%clk 1:12:55]}
20. Bf2 {[%clk 1:08:24]} Bf5 {[%clk 1:03:43]} 21. Nc4 {[%clk 1:04:02]} Bxd3
{[%clk 1:00:46]} 22. Qxd3 {[%clk 1:02:47]} Nf5 {[%clk 1:00:54]} 23. c6
{[%clk 1:01:57]} Rb5 {[%clk 0:56:50]} 24. a4 {[%clk 0:48:41]} Rb4
{[%clk 0:56:04]} 25. b3 {[%clk 0:48:52]} Re8 {[%clk 0:37:24]} 26. Be1
{[%clk 0:48:20]} Rbb8 {[%clk 0:37:34]} 27. b4 {[%clk 0:46:13]} Qe7
{[%clk 0:30:11]} 28. Qe4 {[%clk 0:42:17]} Red8 {[%clk 0:18:09]} 29. Bf2
{[%clk 0:38:17]} Qf7 {[%clk 0:17:32]} 30. b5 {[%clk 0:37:51]} axb5
{[%clk 0:17:37]} 31. axb5 {[%clk 0:38:14]} Ra8 {[%clk 0:13:50]} 32. b6
{[%clk 0:37:25]}  1-0

[Event "European Senior Team Championship 2021"]
[Site "Don Giovanni hotel, Vinohradska 2733, Prague, Czech Republic"]
[Date "2021.09.07"]
[Round "9"]
[Board "3"]
[White "Tejkal, Jiri"]
[Black "Dalling, Peter"]
[Result "1-0"]
[WhiteElo "1869"]
[BlackElo "1828"]
[PlyCount "0"]
[EventDate "2021.08.30"]
[EventType "team"]
[EventRounds "9"]
[EventCountry "ECX"]
[WhiteTeam "CAISSA ROZTOKY"]
[BlackTeam "SWEDEN 2"]

1. d4 {[%clk 1:30:19]} Nf6 {[%clk 1:30:54]} 2. Nf3 {[%clk 1:28:39]} d5
{[%clk 1:31:12]} 3. Bf4 {[%clk 1:28:39]} Bf5 {[%clk 1:31:31]} 4. e3
{[%clk 1:28:13]} e6 {[%clk 1:31:51]} 5. Nbd2 {[%clk 1:26:03]} Bd6
{[%clk 1:31:15]} 6. Bg3 {[%clk 1:25:23]} Qe7 {[%clk 1:29:46]} 7. a3
{[%clk 1:21:56]} a5 {[%clk 1:28:24]} 8. c4 {[%clk 1:18:47]} Nbd7 {[%clk 1:23:40]}
9. Ne5 {[%clk 1:10:49]} O-O {[%clk 1:17:36]} 10. Be2 {[%clk 1:06:40]} Ne4
{[%clk 1:13:26]} 11. Nxd7 {[%clk 1:03:40]} Qxd7 {[%clk 1:13:01]} 12. Bxd6
{[%clk 1:03:23]} Qxd6 {[%clk 1:12:05]} 13. O-O {[%clk 1:01:37]} Nf6
{[%clk 1:06:39]} 14. Rc1 {[%clk 0:58:20]} Rfc8 {[%clk 1:05:56]} 15. Nf3
{[%clk 0:51:46]} h6 {[%clk 1:00:00]} 16. h3 {[%clk 0:50:44]} g5 {[%clk 0:57:48]}
17. Ne5 {[%clk 0:49:06]} Ne4 {[%clk 0:56:15]} 18. c5 {[%clk 0:25:13]} Qe7
{[%clk 0:54:56]} 19. Bg4 {[%clk 0:21:40]} Bxg4 {[%clk 0:47:11]} 20. Nxg4
{[%clk 0:19:31]} Kg7 {[%clk 0:46:54]} 21. f4 {[%clk 0:19:10]} f5 {[%clk 0:45:43]}
22. Ne5 {[%clk 0:18:56]} Kh7 {[%clk 0:42:45]} 23. Rc2 {[%clk 0:16:31]} Rg8
{[%clk 0:42:10]} 24. g4 {[%clk 0:13:45]} Rg7 {[%clk 0:41:00]} 25. Kh2
{[%clk 0:13:09]} Rag8 {[%clk 0:38:20]} 26. Rg2 {[%clk 0:11:47]} Rf8
{[%clk 0:26:52]} 27. Qe2 {[%clk 0:11:24]} Qe8 {[%clk 0:26:22]} 28. Qf3
{[%clk 0:11:22]} Nf6 {[%clk 0:22:47]} 29. Rfg1 {[%clk 0:11:00]} Rfg8
{[%clk 0:22:48]} 30. gxf5 {[%clk 0:10:03]} exf5 {[%clk 0:23:05]} 31. fxg5
{[%clk 0:10:13]} hxg5 {[%clk 0:21:16]} 32. Qxf5+ {[%clk 0:10:10]} Kh6
{[%clk 0:19:48]} 33. Qxf6+ {[%clk 0:10:02]} Kh7 {[%clk 0:20:14]} 34. Rxg5
{[%clk 0:09:40]} Rxg5 {[%clk 0:20:04]} 35. Rxg5 {[%clk 0:09:55]} Rxg5
{[%clk 0:20:22]} 36. Qxg5 {[%clk 0:10:14]} Qb5 {[%clk 0:20:11]} 37. Qg6+
{[%clk 0:10:25]}  1-0

[Event "European Senior Team Championship 2021"]
[Site "Don Giovanni hotel, Vinohradska 2733, Prague, Czech Republic"]
[Date "2021.09.07"]
[Round "9"]
[Board "4"]
[White "Wihlborn, Bengt"]
[Black "Macoun, Jiri"]
[Result "1-0"]
[WhiteElo "1868"]
[BlackElo "1718"]
[PlyCount "0"]
[EventDate "2021.08.30"]
[EventType "team"]
[EventRounds "9"]
[EventCountry "ECX"]
[WhiteTeam "SWEDEN 2"]
[BlackTeam "CAISSA ROZTOKY"]

1. Nf3 {[%clk 1:30:44]} d5 {[%clk 1:30:34]} 2. c4 {[%clk 1:30:57]} d4
{[%clk 1:29:31]} 3. e3 {[%clk 1:31:09]} dxe3 {[%clk 1:29:53]} 4. fxe3
{[%clk 1:31:20]} Nf6 {[%clk 1:30:13]} 5. Nc3 {[%clk 1:30:38]} e6 {[%clk 1:30:38]}
6. d4 {[%clk 1:29:06]} Bb4 {[%clk 1:30:50]} 7. Bd3 {[%clk 1:28:28]} Bxc3+
{[%clk 1:30:50]} 8. bxc3 {[%clk 1:28:38]} b6 {[%clk 1:31:17]} 9. Qe2
{[%clk 1:27:12]} Bb7 {[%clk 1:31:36]} 10. e4 {[%clk 1:26:53]} h6 {[%clk 1:31:57]}
11. O-O {[%clk 1:23:59]} Nbd7 {[%clk 1:31:27]} 12. Ba3 {[%clk 1:23:05]} c5
{[%clk 1:31:43]} 13. e5 {[%clk 1:20:40]} Ng8 {[%clk 1:31:29]} 14. d5
{[%clk 1:17:30]} Ne7 {[%clk 1:25:44]} 15. dxe6 fxe6 16. Nh4 {[%clk 1:13:28]} Qc7
{[%clk 1:25:18]} 17. Qh5+ {[%clk 1:11:58]} Kd8 {[%clk 1:25:17]} 18. Rae1
{[%clk 1:09:59]} Nc6 {[%clk 1:18:58]} 19. Ng6 {[%clk 1:09:28]} Re8
{[%clk 1:19:05]} 20. Rf7 {[%clk 1:08:59]} Rg8 {[%clk 1:17:35]} 21. Be4
{[%clk 1:07:36]} Rb8 {[%clk 1:13:16]} 22. Rd1 {[%clk 1:05:31]} Bc8
{[%clk 1:12:13]} 23. Qh4+ {[%clk 0:59:56]}  1-0

[Event "European Senior Team Championship 2021"]
[Site "Don Giovanni hotel, Vinohradska 2733, Prague, Czech Republic"]
[Date "2021.09.07"]
[Round "9"]
[Board "2"]
[White "Bartonicek, Zdenek"]
[Black "Van Bentum, Horst"]
[Result "1/2-1/2"]
[WhiteElo "1970"]
[BlackElo "1989"]
[PlyCount "0"]
[EventDate "2021.08.30"]
[EventType "team"]
[EventRounds "9"]
[EventCountry "ECX"]
[WhiteTeam "SK PLZEN"]
[BlackTeam "GERMAN NORTH TEAM"]

1. e4 {[%clk 1:30:43]} e5 {[%clk 1:30:48]} 2. Nf3 {[%clk 1:31:05]} Nc6
{[%clk 1:31:05]} 3. Nc3 {[%clk 1:30:10]} Nf6 {[%clk 1:30:46]} 4. Bb5
{[%clk 1:30:08]} Bb4 {[%clk 1:30:43]} 5. O-O {[%clk 1:30:16]} O-O
{[%clk 1:26:14]} 6. d3 {[%clk 1:29:50]} d6 {[%clk 1:26:25]} 7. Bg5
{[%clk 1:29:56]} Bxc3 {[%clk 1:26:37]} 8. bxc3 {[%clk 1:28:28]} Qe7
{[%clk 1:26:42]} 9. h3 {[%clk 1:26:29]} Nd8 {[%clk 1:26:28]} 10. d4
{[%clk 1:25:10]} h6 {[%clk 1:23:50]} 11. Be3 {[%clk 1:23:20]} Nxe4
{[%clk 1:21:22]} 12. dxe5 {[%clk 1:19:46]} dxe5 {[%clk 1:09:21]}  1/2-1/2

[Event "European Senior Team Championship 2021"]
[Site "Don Giovanni hotel, Vinohradska 2733, Prague, Czech Republic"]
[Date "2021.09.07"]
[Round "9"]
[Board "4"]
[White "Kasik, Miroslav"]
[Black "Geibel, Henning"]
[Result "1/2-1/2"]
[WhiteElo "1734"]
[BlackElo "1446"]
[PlyCount "0"]
[EventDate "2021.08.30"]
[EventType "team"]
[EventRounds "9"]
[EventCountry "ECX"]
[WhiteTeam "SK PLZEN"]
[BlackTeam "GERMAN NORTH TEAM"]

1. e4 {[%clk 1:30:57]} e5 {[%clk 1:30:50]} 2. Nf3 {[%clk 1:31:20]} d6
{[%clk 1:31:12]} 3. d4 {[%clk 1:31:40]} exd4 {[%clk 1:31:33]} 4. Nxd4
{[%clk 1:32:01]} Nf6 {[%clk 1:31:55]} 5. Nc3 {[%clk 1:32:22]} Be7
{[%clk 1:32:00]} 6. Be2 {[%clk 1:32:41]} O-O {[%clk 1:32:17]} 7. Be3
{[%clk 1:32:15]} c5 {[%clk 1:32:07]} 8. Nb3 {[%clk 1:32:02]} Nc6 {[%clk 1:31:30]}
9. O-O {[%clk 1:32:10]} a6 {[%clk 1:30:45]} 10. a4 {[%clk 1:30:38]} Be6
{[%clk 1:29:54]} 11. f3 {[%clk 1:27:22]} Bxb3 {[%clk 1:29:26]} 12. cxb3
{[%clk 1:27:46]} Qb6 {[%clk 1:27:46]} 13. Bc4 {[%clk 1:23:00]} Na5
{[%clk 1:27:03]} 14. Qc2 {[%clk 1:19:36]} Nxc4 {[%clk 1:26:45]} 15. bxc4
{[%clk 1:19:55]} Qb4 {[%clk 1:21:51]} 16. b3 {[%clk 1:19:10]} Qb6 17. Rfd1
{[%clk 1:19:07]} Qc7 {[%clk 1:19:32]} 18. Rd2 {[%clk 1:15:41]} h6
{[%clk 1:17:11]} 19. Rad1 {[%clk 1:15:47]} Rfd8 {[%clk 1:15:49]} 20. Rd3
{[%clk 1:12:56]} Qc6 {[%clk 1:14:16]} 21. R1d2 {[%clk 1:10:43]} Qc7
{[%clk 1:14:05]} 22. Qd1 {[%clk 1:10:22]} Qc6 {[%clk 1:13:34]} 23. Bf4
{[%clk 1:09:12]} Ne8 {[%clk 1:12:18]} 24. e5 {[%clk 1:04:19]} Bg5
{[%clk 1:11:57]} 25. Bxg5 {[%clk 1:04:24]} hxg5 {[%clk 1:12:13]} 26. exd6
{[%clk 1:04:23]} Rd7 {[%clk 1:12:07]} 27. Ne4 {[%clk 0:51:22]} f6
{[%clk 1:12:06]} 28. Rd5 {[%clk 0:48:25]} b6 {[%clk 1:11:21]} 29. Nf2
{[%clk 0:44:53]} Rad8 {[%clk 1:11:15]} 30. Ne4 {[%clk 0:45:12]} Kf7
{[%clk 1:10:37]} 31. Kf2 {[%clk 0:44:01]} Ke6 {[%clk 1:10:52]} 32. Qe2
{[%clk 0:43:24]} Kf7 {[%clk 1:10:38]} 33. Qd1 {[%clk 0:33:09]} Ke6
{[%clk 1:10:47]} 34. Qe2 {[%clk 0:16:01]} Kf7 {[%clk 1:08:06]}  1/2-1/2